| 000 | 01027cam a2200289 a 4500 | ||
|---|---|---|---|
| 001 | 000019761 | ||
| 005 | 20200929170129.0 | ||
| 008 | 770928s1963 sp a 001 e spa d | ||
| 040 |
_aDO-SdBNP _bspa _cDLC _dBNPHU |
||
| 082 |
_a864.6 _bM542po, 1963 |
||
| 100 | 1 |
_aMenéndez Pidal, Ramón, _d1869-1968 _93902 |
|
| 245 | 1 | 0 |
_aPoesía árabe y poesía europea : _bcon otros estudios de literatura medieval / _cRamón Menéndez Pidal. |
| 250 | _a5a ed. | ||
| 260 |
_aMadrid : _bEspasa-Calpe, _c1963. |
||
| 300 |
_a209, [20] p. : _bil. ; _c18 cm. |
||
| 490 | 1 |
_aAustral. Verde: ensayos y filosofía _v190 |
|
| 500 | _aIncluye índice de autores | ||
| 650 | 4 |
_aEnsayos españoles _93095 |
|
| 650 | 4 |
_aLiteratura española _9632 |
|
| 650 | 4 |
_aPoesía española _xHistoria y crítica _98687 |
|
| 650 | 4 |
_aPoesía arabe _xHistoria y crítica _914211 |
|
| 650 | 4 |
_aLiteratura medieval _97490 |
|
| 830 | 0 |
_aAustral. _pVerde: ensayos y filosofía; _v190 _98733 |
|
| 910 | _aCatalogación derivada / LC | ||
| 910 | _aWM | ||
| 049 | _aBNGR | ||
| 999 |
_c19275 _d19275 |
||